Política de incentivos de exportación / (Registro nro. 124205)

Detalles MARC
000 -LEADER
campo de control de longitud fija 00728nam a2200205 4500
001 - NÚMERO DE CONTROL
campo de control 124205
003 - IDENTIFICADOR DE NÚMERO DE CONTROL
campo de control ES-MaACL
005 - FECHA Y HORA DE LA ÚLTIMA TRANSACCIÓN
campo de control 20230906192339.0
007 - CAMPO FIJO DE DESCRIPCIÓN FÍSICA--INFORMACIÓN GENERAL
campo de control de longitud fija t|
008 - DATOS DE LONGITUD FIJA--INFORMACIÓN GENERAL
campo de control de longitud fija 070214s1966 sp r ||||1| spa d
100 1# - ENTRADA PRINCIPAL--NOMBRE DE PERSONA
Nombre de persona Redondo, Francisco.
9 (RLIN) 95812
245 10 - MENCIÓN DEL TÍTULO
Título Política de incentivos de exportación /
Mención de responsabilidad, etc. Francisco Redondo, Manuel Quintero Núñez, José Luis Rodríguez-Pomatta.
250 ## - MENCION DE EDICION
Mención de edición 2ª ed.
260 ## - PUBLICACIÓN, DISTRIBUCIÓN, ETC.
Lugar de publicación, distribución, etc. Madrid :
Nombre del editor, distribuidor, etc. Asociación para el progreso de la dirección,
Fecha de publicación, distribución, etc. 1966.
300 ## - DESCRIPCIÓN FÍSICA
Extensión 63 h. ;
Dimensiones 27 cm.
700 1# - ENTRADA AGREGADA--NOMBRE PERSONAL
Nombre de persona Quintero Núñez, Manuel.
9 (RLIN) 94726
700 1# - ENTRADA AGREGADA--NOMBRE PERSONAL
Nombre de persona Rodríguez-Pomatta, José Luis.
9 (RLIN) 98738
710 2# - ENTRADA AGREGADA--NOMBRE DE ENTIDAD CORPORATIVA
Nombre de entidad corporativa o nombre de jurisdicción como elemento de entrada Asociación para el Progreso de la Dirección.
9 (RLIN) 1775
852 ## - LOCALIZACIÓN
Ubicación ES-MaACL
Número de control de estantería C-30817
Sublocalización o colección R.61516
Existencias
Estatus retirado Estado de pérdida Estado de daño No para préstamo Biblioteca de origen Biblioteca actual Ubicación en estantería Fecha de adquisición Fuente de adquisición Total de préstamos Signatura topográfica completa Código de barras Visto por última vez Precio de reemplazo Tipo de ítem Koha
        Biblioteca del Ateneo de Madrid Biblioteca del Ateneo de Madrid Depósito 2 17/01/2008     C-30817 1129395 23/02/2023 23/02/2023 Libro impreso